000 00650nam a22002177a 4500
003 UA-OsUOA
001 126738
007 ta
008 20171106b un ||||| |||| 00| 0 ukr d
100 _aВорожбит О.
090 _a32
_bВ75
942 _cSA
040 _aUA-OsUOA
_bukr
_cUA-OsUOA
_dUA-OsUOA
245 _aБез білих плям? Як змінився образ України на Заході після Революції гідності
300 _aС.24-27
955 _a0
041 _aukr
080 _a32
773 0 _w126735
_tУкраїнський тиждень
_dК.
_d2017
_g43
650 7 _a32 Політика
_2UDC
999 _c414273
_d414273